000 00870nam a22003017a 4500
003 CHAP
005 20220329133138.0
008 971013s1991 r 00010 d
010 _a2681
011 _a3653
035 _a2854
040 _cCHAP
090 _aFolleto 13595
100 0 0 _aRaymer, Paul L.
_994830
245 _a1990-91 canola performance tests
260 _aAthens :
_bUniversity of Georgia. Agricultural Experiment Station,
_c1991
300 _a14 p.
490 _aResearch report
_v; 605)
500 _aD46-223
590 _aBATCH-UPD
_b10
_c20130110
_lUCH01
_h0137
590 _aBATCH-UPD
_b10
_c20130110
_lUCH01
_h1054
590 _aCONVERSION
_b10
_c20130109
_lUCH01
_h1303
650 1 4 _aColza.
_925500
830 0 _aResearch report
_v; 605)
_996080
901 _aBK
942 _cFOLL
949 _aFolleto 13595
_bBC
_cFOLL
_d-12362
_eTS1
_i2854
_mD
_si
999 _c2681
_d2681